खुले गगन के लाल सितारे / (Record no. 117002)

MARC details
000 -LEADER
fixed length control field 01092nam a22002777a 4500
003 - CONTROL NUMBER IDENTIFIER
control field dpl
005 - DATE AND TIME OF LATEST TRANSACTION
control field 20190228150344.0
008 - FIXED-LENGTH DATA ELEMENTS--GENERAL INFORMATION
fixed length control field 190228b ||||| |||| 00| 0 eng d
010 ## - LIBRARY OF CONGRESS CONTROL NUMBER
LC control number B-040045 ,B-040067
020 ## - INTERNATIONAL STANDARD BOOK NUMBER
Terms of availability 150.00
International Standard Book Number 8126700211
035 ## - SYSTEM CONTROL NUMBER
System control number B-040045 ,B-040067
037 ## - SOURCE OF ACQUISITION
Source of stock number/acquisition Cen Lib/Ret
040 ## - CATALOGING SOURCE
Original cataloging agency DPL
Language of cataloging HN
Transcribing agency 0
082 ## - DEWEY DECIMAL CLASSIFICATION NUMBER
Classification number
Item number कॉकरि
100 ## - MAIN ENTRY--PERSONAL NAME
Personal name कॉकरिया, मधु
9 (RLIN) 69496
245 ## - TITLE STATEMENT
Title खुले गगन के लाल सितारे /
Statement of responsibility, etc मधु कॉकरिया
246 ## - VARYING FORM OF TITLE
Title proper/short title Khule gagan ke lal sitare /
Remainder of title by Madhu Kankariya
260 ## - PUBLICATION, DISTRIBUTION, ETC. (IMPRINT)
Place of publication, distribution, etc नयी दिल्ली
Name of publisher, distributor, etc राजकमल प्रकाशन
Date of publication, distribution, etc 2000
270 ## - ADDRESS
Address 1-बी, नेताजी सुभाष मार्ग
City नयी दिल्ली
Postal code 110002
300 ## - PHYSICAL DESCRIPTION
Extent 171पृ.
Dimensions 21सेमी (सजिल्द)
650 ## - SUBJECT ADDED ENTRY--TOPICAL TERM
Topical term or geographic name as entry element हिन्दी साहित्य
9 (RLIN) 69497
650 ## - SUBJECT ADDED ENTRY--TOPICAL TERM
Topical term or geographic name as entry element उपन्यास
9 (RLIN) 69498
650 ## - SUBJECT ADDED ENTRY--TOPICAL TERM
Topical term or geographic name as entry element Hindi literature
9 (RLIN) 69499
650 ## - SUBJECT ADDED ENTRY--TOPICAL TERM
Topical term or geographic name as entry element Fiction
9 (RLIN) 8901
942 ## - ADDED ENTRY ELEMENTS (KOHA)
Source of classification or shelving scheme Dewey Decimal Classification
Koha item type Hindi Books
Classification part
Call number suffix कॉकरि
Holdings
Withdrawn status Lost status Damaged status Not for loan Home library Current library Date acquired Source of acquisition Cost, normal purchase price Total Checkouts Full call number Barcode Date last seen Copy number Cost, replacement price Price effective from Koha item type Public note Source of classification or shelving scheme Collection code Shelving location
Written off       Central Library Central Library 26/08/2015 Cen Lib/Ret 150.00   उ कॉकरि B-040045 26/08/2015 1 150.00 26/08/2015 Hindi Books Written off on approval by DLB (By Circulation); dtd 20.12.2022      
        Patel Nagar Patel Nagar 17/10/2001 BPPD/PUB 150.00   उ कॉकरि b-040047 22/01/2020 1 150.00 22/01/2020 Hindi Books   Dewey Decimal Classification Fiction Fiction
        Shahdara Branch Shahdara Branch 28/02/2019 BPPD/PUB 150.00   उ कॉकरि 040067 28/02/2019     28/02/2019 Hindi Books   Dewey Decimal Classification Fiction  

© Delhi Public Library
Hit Counter
free hit counter